Cuidadanía para armar : aportes para la formación ética y política /
Guardado en:
| Autor Principal: | |
|---|---|
| Formato: | Libro |
| Publicado: |
Buenos Aires :
Aique,
2007
|
| Series: | Política y educación / dirigida por Roxana Perazza
|
| Materias: | |
| Etiquetas: |
Agregar Etiqueta
Sin Etiquetas, Sea el primero en etiquetar este registro!
|
| LEADER | 01692nam a22002415a 4500 | ||
|---|---|---|---|
| 001 | CEM.cems013429 | ||
| 005 | 20101029100414.0 | ||
| 008 | 130507s2007##################000#0#####d | ||
| 003 | CEMS | ||
| 020 | |a 9789870601098 | ||
| 082 | 0 | 4 | |a 370.1 |
| 100 | 1 | |a Schujman, Gustavo | |
| 245 | 1 | 0 | |a Cuidadanía para armar : |b aportes para la formación ética y política / |c Compilado Por Gustavo Schujman y Isabelino A. Siede |
| 260 | |a Buenos Aires : |b Aique, |c 2007 | ||
| 300 | |a 248 p. | ||
| 490 | 0 | |a Política y educación / dirigida por Roxana Perazza | |
| 500 | |a Herramientas para pensar y debatir la función de la escuela en la formación de los ciudadanos. | ||
| 505 | 0 | |a La función política de la escuela en busca de un espacio en el currículum / Isabelino A. Siede -- Hacia un abordaje formativo de las situaciones de la vida cotidiana escolar / Guillermo Micó -- Concepciones de la ética y la formación escolar / Gustavo Schujman -- Cuidadanía por defecto? Relatos de la civilidad en América Latina / Alexander Ruiz Silva -- Concepciones del derecho: su impacto sobre los métodos de enseñanza / Nancy Cardinaux -- Desigualdad, cultura y diversidad: conceptos que desafían hoy la enseñanza / Laura Santillán -- El pasado reciente en la escuela, entre los dilemas de la historia y la memoria / Florencia Paula Levin -- La educación ciudadana en el vendaval político argentino / Roberto Bottarini -- Hacia una didáctica de la formación ética y política / Isabelino A. Siede | |
| 653 | |a Educación | ||
| 653 | |a Ciudadanía | ||
| 653 | |a Formación ética-didáctica | ||
| 653 | |a Formación política-didáctica | ||
| 859 | |a CEMS |b BIB. CEMS - 11 de abril |h 370.1 |i Sch79 |p 26055.10 |t Ej.1 | ||
